000 01270nam a2200361 u 4500
001 000002666
003 DO-SdBPM
005 20251128114847.0
007 ta
008 090703s1999 dr abc 000 0 spa d
020 _a8493063835
040 _aDO-SdBPM
_bspa
_cBPMSU
_drda
049 _a
082 4 _a972.93
_bI58a 1999
_222
100 1 _aInoa, Orlando
_eautor
_4aut.
100 z _aInoa, O.
245 1 0 _aAzúcar. árabes, cocolos y haitianos /
_cOrlando Inoa.
260 _c
264 _aSanto Domingo :
_bEditora Cole,
_c1999
300 _a219 páginas :
_bilustracioness ; retrat. mapas ;
_c23 cm.
336 _atexto
_btxt
_2rdacontent
337 _asin mediación
_bn
_2rdamedia
338 _avolumen
_bnc
_2rdacarrier
500 _aIncluye referencias bibliográficas y notas al pie de las páginas.
500 _aincluye bibliografía al final de los capítulos
590 _aInventariado, 2025/VM
650 7 _aIndustria azúcarera
_zRepública Dominicana
650 4 _aTrabajadores agrícolas
_zRepública Dominicana
650 7 _aIndustria de la caña de azúcar
_zRepública Dominicana
_xHistoria
650 7 _aTrabajadores extranjeros
_zRepública Dominicana
_xHistoria
910 _aVMateo V. Control de calidad BPMSU
942 _2ddc
_cBK
999 _c15548
_d15548